Vztahy Evropská unie - Japonsko Odstraňování překážek pro vzájemný pohyb zboží a služeb
Historický pohľad na vzťahy Európskej únie a Japonska. Japonsko ako obchodný partner. Vývoj vzájomného obchodu medzi EÚ a Japonskom. Prekážky vzájomného obchodu. Bariéry v Japonsku. Proces otvárania trhov. Dohody o vzájomnom uznávaní. Program Exprom.
Na minha lista:
| Autor principal: | |
|---|---|
| Formato: | Capítulo de Livro |
| Idioma: | tcheco |
| Assuntos: | |
| Tags: |
Sem tags, seja o primeiro a adicionar uma tag!
|
MARC
| LEADER | 00000naa a2200000 4500 | ||
|---|---|---|---|
| 001 | r043500 | ||
| 005 | 20231003115103.6 | ||
| 041 | 0 | |a cze | |
| 044 | |a CZ | ||
| 245 | 1 | 0 | |a Vztahy Evropská unie - Japonsko |b Odstraňování překážek pro vzájemný pohyb zboží a služeb |c Radka Pavlišová |
| 520 | |a Historický pohľad na vzťahy Európskej únie a Japonska. Japonsko ako obchodný partner. Vývoj vzájomného obchodu medzi EÚ a Japonskom. Prekážky vzájomného obchodu. Bariéry v Japonsku. Proces otvárania trhov. Dohody o vzájomnom uznávaní. Program Exprom. | ||
| 610 | 2 | 0 | |a obchod zahraničný |
| 610 | 2 | 0 | |a Japonsko |
| 610 | 2 | 0 | |a Európska únia |
| 610 | 2 | 0 | |a vzťahy hospodárske medzinárodné |
| 610 | 2 | 0 | |a história |
| 610 | 2 | 0 | |a globalizácia |
| 610 | 2 | 0 | |a bariéry obchodu zahraničného |
| 100 | 1 | |a Pavlišová, Radka | |